Kemalizm ile bütünleşen alevilik / (Kayıt no. 10379)

MARC ayrıntıları
000 -BAŞLIK
Sabit Uzunluktaki Kontrol Alanı 01036nam a22002297a 4500
003 - KONTROL NUMARASI KİMLİĞİ
Kontrol Alanı KOHA_MİRAKIL
005 - EN SON İŞLEM TARİHİ ve ZAMANI
Kontrol Alanı 20260511120637.0
008 - SABİT UZUNLUKTAKİ VERİ ÖGELERİ - GENEL BİLGİ
Sabit Alan 260507b tu ||||| |||| 00| 0 tur d
020 ## - ISBN - ULUSLARARASI STANDART KİTAP NUMARASI
Isbn 9786056063220
040 ## - KATALOGLAMA KAYNAĞI
Özgün Kataloglama Kurumu TR-AnABB
Kataloglama Dili tur
Çeviri Kurumu TR-AnABB
041 ## - DİL KODU
Metin ya da ses kaydının dil kodu tur
082 ## - DEWEY ONU SINIFLAMA SİSTEMİ
Sınıflama Numarası 297.740 956 1
Cutter numarası MER 2009
100 1# - KİŞİ ADI
Yazar Adı (Kişi adı) Merdanoğlu, Hüsnü
245 10 - ESER ADI BİLDİRİMİ
Başlık Kemalizm ile bütünleşen alevilik /
Sorumluluk Bildirimi Hüsnü Merdanoğlu
260 ## - YAYIN, DAĞITIM, VB.
Yayın Yeri Antalya :
Yayınevi Yeniden Anadolu ve Rumeli Müdafaa-i Hukuk Yayınları ,
Yayın Tarihi 2009
300 ## - FİZİKSEL TANIMLAMA
Sayfa, Cilt vb. 286 sayfa ;
Boyutları 20 cm
500 ## - GENEL NOT
Genel Not Yazar tarafından Prof. Dr. Ruşen Keleş için imzalanmıştır.
505 ## - İÇİNDEKİLER NOTU
İçindekiler Notu İçindekiler: Türk Tarihine Genel Bakış - Alevi İnancının içeriği - İslam tarihi hakkında genel bilgiler - Alevilik inancının kökenine yönelik tartışmalar - Osmanlı Döneminde Türk olmak - Kemalist Devrim ve Alevilik - Türk-Kürt Soy Birlikteliği - Kemalizm'in kuşatılmas
650 04 - KONU BAŞLIĞI EK GİRİŞ - KONU TERİMİ
Konusal terim veya coğrafi ad Alevilik, Türkiye
900 ## - YEREL BİLGİ
Kontrol Can ÇELIK
942 ## - EK GİRİŞ ÖGELERİ (KOHA)
Sınıflama Kaynağı Dewey Decimal Classification
Materyal Türü Kitap
Mevcut
Geri Çekilme Durumu Kayıp Durumu Sınıflandırma Kaynağı Kredi için değil Kalıcı Konum Mevcut Konum Kayıt Tarih Toplam Ödünçverme Yer Numarası Demirbaş Numarası Son Görülme Tarihi Fatura Tarihi Materyal Türü
    Dewey Decimal Classification   Prof. Dr. Ruşen Keleş Kütüphanesi Prof. Dr. Ruşen Keleş Kütüphanesi 07/05/2026   297.740 956 1 MER 2009 RK8272 07/05/2026 07/05/2026 Kitap